| 000 | 00522nam a22001577a 4500 | ||
|---|---|---|---|
| 082 |
_a621.8 _bWOR |
||
| 100 |
_aE & F N spon, Ltd _941943 |
||
| 245 |
_aWorkshop receipts for manufactures and scientific amateurs _bManufactures and scientific amatuers _cE & F N spon, Ltd |
||
| 260 |
_aLondon _bE & F N spon, Ltd _c1917 |
||
| 300 |
_avii, 544 p. _bill. _c22 cm. |
||
| 526 |
_a0 _b0 _c0 _d621_800000000000000_WOR |
||
| 650 |
_aMCE _9379 |
||
| 650 |
_aRainwater separator _941944 |
||
| 650 |
_awire ropes _941945 |
||
| 942 |
_2ddc _cBK |
||
| 999 |
_c545960 _d545960 |
||